| 000 -CABECERA |
| Longitud fija campo de control |
00422nam a2200157 a 4500 |
| 001 - NÚMERO DE CONTROL |
| Número de control |
1071 |
| 003 - IDENTIFICADOR DEL NÚMERO DE CONTROL |
| Identificador del número de control |
CDMR |
| 005 - FECHA Y HORA DE LA ÚLTIMA TRANSACCIÓN |
| Fecha y hora de la última transacción |
20130116135200.0 |
| 008 - CÓDIGOS DE INFORMACIÓN DE LONGITUD FIJA |
| Códigos de información de longitud fija |
130130s1991||||||||||||||||||||||||||||d |
| 040 ## - FUENTE DE LA CATALOGACIÓN |
| Centro catalogador de origen |
CDMR |
| Lengua de catalogación |
cat |
| Centro transcriptor |
CDMR |
| 100 1# - PUNTO DE ACCESO PRINCIPAL-NOMBRE DE PERSONA |
| Nombre de persona |
García Llovet, Enrique |
| 9 (RLIN) |
841 |
| 245 13 - MENCIÓN DE TÍTULO |
| Título |
El régimen jurídico de la radiodifusión |
| Mención de responsabilidad, etc. |
Enrique Garcia Llovet |
| 260 ## - PUBLICACIÓN, DISTRIBUCIÓN, ETC. (PIE DE IMPRENTA) |
| Lugar de publicación, distribución, etc. |
Madrid |
| Fecha de publicación, distribución, etc. |
1991 |
| Nombre del editor, distribuidor, etc. |
Marcial Pons |
| 300 ## - DESCRIPCIÓN FÍSICA |
| Extensión |
401 p ; |
| Dimensiones |
23 cm |
| 942 ## - ENTRADA DE ELEMENTOS AGREGADOS (KOHA) |
| Koha [por defecto] tipo de item |
Monografies |